000
00228 a2200097 4500
001
48561
100
_a
Snell, G
245
_a
Amy Johnson : Queen of the air
260
_a
London
_b
Hard hodder stoughton
_c
090
_c
31491
_d
31491
942
_a
NUST-CAE
_c
M
_c
23882
999
_c
283634
_d
283634